00994nam a2200277 a 450000100060000000300080000600500170001400800400003103500190007104000320009004100080012208200270013011000410015724501320019825000130033026000340034330000250037750400310040250500590043365000390049270000540053170000320058570000380061770000330065574000280068813025BD-RjUL20211208235407.0140130s1951 enkc b 001 0 engd a(BD-RjUL)13075 aDLCcDLCdDLCdBD-RjULbeng aeng00223a344.420402638bPUB1 aGreat Britain.kLaws, statutes, etc.14aThe Public health acts :bannotated,together with the various incorporated statutes and orders of the Minister of Health, etc / a12th ed. aLondon :bButterworth,c1951. av. :bill. ;c26 cm. aBibliography: v. 1, p. xi. aVol. 1 -- V. 2 -- 3 -- V. 4 -- V. 5 -- V. 6 -- V. 7 -- 0aPublic health lawszGreat Britain.1 aLumley, W. G.q(William Golden),d1802-1878,eed.1 aSimes, Erskine,d1893-eed.1 aScholefield, Charles Edward,eed.1 aWatson, Kenneth Thomas,eed. aLumley's public health.